Quincalla /

Gespeichert in:
Bibliographische Detailangaben
1. Verfasser: Montelongo, José (autor)
Format: Buch
Sprache:Spanisch
Veröffentlicht: México : Jus, 2004, c2004
Schlagworte:
Tags: Tag hinzufügen
Keine Tags, Fügen Sie das erste Tag hinzu!

MARC

LEADER 00000nam^a2200000^a^4500
001 000184577
005 20250521000000.0
009 20260310102119.67
020 |a 968-423-454-6 
037 |a Acervo ITESO - Biblioteca 
041 |a ESP 
082 |a 863.  |b MON 
100 |a Montelongo, José  |e (autor) 
245 1 0 |a Quincalla /  |c J. Montelongo. 
264 4 |a México :  |b Jus,  |c 2004, c2004 
300 |a 228 p. 
336 |a texto  |b txt  |2 rdacontenido 
337 |a sin mediación  |b n  |2 rdamedio 
338 |a volumen  |b nc  |2 rdasoporte 
649 |a XX 
650 |a Novela Mexicana 
650 |a Literatura Mexicana -  |y Siglo XXI 
910 |a Fondo General 
920 |a Impresos - Libros 
930 |a Colección General 
940 |a Literatura 
905 |a 101 
901 |a 0500125483  |b IT1  |c LIT  |u 20250521 
902 |a https://opac.biblio.iteso.mx/vufind/Record/000184577